Chromatické pomenovania s bielou a čiernou farbou v španielčine a taliančine na pozadí slovenčiny
Salvato in:
| Autore principale: | |
|---|---|
| Altri autori: | , , , |
| Natura: | Libro |
| Lingua: | slovacco italiano spagnolo |
| Pubblicazione: |
České Budějovice
Vysoká škola evropských a regionálních studií
2021
|
| Edizione: | 1. vydání |
| Soggetti: | |
| Tags: |
Nessun Tag, puoi essere il primo ad aggiungerne!!
|
MARC
| LEADER | 00000nam a2200000 4500 | ||
|---|---|---|---|
| 001 | 0273960 | ||
| 005 | 20260202105229.1 | ||
| 020 | |a 978-80-7556-088-9 | ||
| 041 | 0 | |a slo | |
| 041 | 0 | |a ita | |
| 041 | 0 | |a spa | |
| 044 | |a CZ | ||
| 245 | 1 | 0 | |a Chromatické pomenovania s bielou a čiernou farbou v španielčine a taliančine na pozadí slovenčiny |c Mária Spišiaková, Nina Mocková, Elena Smoleňová ; recenzenti: Diana Patricia Varela Cano, Roman Sehnal |
| 250 | |a 1. vydání | ||
| 264 | 1 | |a České Budějovice |b Vysoká škola evropských a regionálních studií |c 2021 | |
| 300 | |a 78 s. [3,9 AH] | ||
| 610 | 2 | 0 | |a jazykoveda |
| 610 | 2 | 0 | |a jazyky cudzie |
| 610 | 2 | 0 | |a lexikológia |
| 610 | 2 | 0 | |a farby |
| 610 | 2 | 0 | |a symboly |
| 610 | 2 | 0 | |a sémantika |
| 610 | 2 | 0 | |a slovenčina |
| 610 | 2 | 0 | |a španielčina |
| 610 | 2 | 0 | |a taliančina |
| 100 | 1 | |a Spišiaková, Mária, 1973- | |
| 700 | 1 | |a Mocková, Nina, 1987- | |
| 700 | 1 | |a Smoleňová, Elena, 1974- | |
| 700 | 1 | |a Varela Cano, Diana Patricia, 1964- | |
| 700 | 1 | |a Sehnal, Roman | |